000 00679nam a2200277Ia 4500
005 20260320195746.0
008 008 262003s9999 xx 000 0 hin d
020 _a9788183618236
037 _aEBOOK
040 _aCRL
040 _bhin
040 _cCRL
041 _2hin
041 _ahin
084 _qCRL
100 _aओमप्रकाश वाल्मिकी
_91133030
245 0 _aघुसपैठिये
250 _a4th
260 _bRajkamal
260 _c2016
300 _a100
856 _uhttps://ebook.indiaread.in/pdfs/Ghuspaithiye_by_Omprakash_valmiki.pdf
942 _cEBOOK
999 _c1716337
_d1716337